000 00693nam a2200205 a 4500
001 000021185
005 20200930011246.0
008 100901s1965 ag r 000 p spa d
040 _aDO-SdBNP
_bspa
_cBNPHU
082 _aA861.44
_bB658c
100 1 _aBlunno, Domingo Alberto,
_944289
245 1 0 _aContigo, María... poesias /
_cDomingo Alberto Blunno ; prólogo de José Armagno Cosentino.
260 _aBuenos Aires :
_b[s. n.],
_c1965.
300 _a42, [1] p. :
_bretrs. ;
_c18 cm.
500 _aIncluye notas al pie de las páginas.
650 4 _aPoesía argentina
_93859
650 4 _aLiteratura argentina
_93860
700 1 _aCosentino, José Armagno,
_epról.
_944290
049 _aBNGR
999 _c20686
_d20686